¿CONOCE USTED LA VIA LACTEA?/

TRADUCCION DE: KENNEN SIE DIE MILCHSTRASSE

Guardat en:
Dades bibliogràfiques
Autor principal: Wittlinger, Karl (autor)
Format: Llibre
Col·lecció:SELECCION TEATRAL; 58
Matèries:
Etiquetes: Afegir etiqueta
Sense etiquetes, Sigues el primer a etiquetar aquest registre!

MARC

LEADER 00000nam^a2200000^a^4500
001 000228168
005 20250521000000.0
009 20260310104314.044
035 |a 047605 
037 |a Acervo Xavier Clavigero 
082 |a 832. 912 WIT 
100 |a Wittlinger, Karl  |e (autor) 
245 1 0 |a ¿CONOCE USTED LA VIA LACTEA?/  |c KARL WITTLINGER; TR. JAVIER FARIAS 
264 |a BUENOS AIRES :  |b CARRO DE TESPIS,  |c 1960 
300 |a 63p. 
336 |a texto  |b txt  |2 rdacontenido 
337 |a sin mediación  |b n  |2 rdamedio 
338 |a volumen  |b nc  |2 rdasoporte 
440 |a SELECCION TEATRAL;  |v 58 
520 |a TRADUCCION DE: KENNEN SIE DIE MILCHSTRASSE 
649 |a XX 
650 |a Teatro Alemán 
650 |a LITERATURA ALEMAN -  |x SIGLO XX 
910 |a Fondo General 
920 |a Impresos - Libros 
930 |a Colección General 
940 |a Literatura 
905 |a 101 
901 |a 047605  |b IT1  |c LIT  |i 047605  |u 20250521 
902 |a https://opac.biblio.iteso.mx/vufind/Record/000228168